| 000 | 00626nam a22001577a 4500 | ||
|---|---|---|---|
| 003 | OSt | ||
| 005 | 20151110151602.0 | ||
| 008 | 151106b xxu||||| |||| 00| 0 eng d | ||
| 040 | _cRUA | ||
| 082 | _aFOR SUM 1999 B125 Or.1 | ||
| 100 |
_93461 _aSUM, SOVATHAY. |
||
| 245 | _aStudy on standard of living effectiveness of tiger family at phnom tamao zoo, សិក្សាប្រសិទ្ធផាពជីវសាស្រ្តរស់នៅនៃត្រកុលខ្លានៅសយនសត្វភ្នំតាម៉ៅ | ||
| 260 |
_aPhnom Penh _bRUA _c1999 |
||
| 300 |
_a52p. _bill. _c29cm. |
||
| 942 |
_2ddc _cFOR |
||
| 999 |
_c3230 _d3230 |
||